El aprendizaje de la estadística a través de PBL con futuros profesores de Primaria (Record no. 186433)
[ view plain ]
| 000 -CABECERA | |
|---|---|
| campo de control de longitud fija | 01721nab a2200277 a 4500 |
| 005 - FECHA Y HORA DE LA ÚLTIMA TRANSACCIÓN | |
| campo de control | 20251210064108.0 |
| 008 - ELEMENTOS DE LONGITUD FIJA--INFORMACIÓN GENERAL | |
| campo de control de longitud fija | 991125c2016 sp fr p o 000 0 spa d |
| 035 ## - NÚMERO DE CONTROL DEL SISTEMA | |
| Número de control de sistema | UPN01000214333 |
| 040 ## - FUENTE DE LA CATALOGACIÓN | |
| Centro catalogador/agencia de origen | UPN |
| Lengua de catalogación | spa |
| Centro/agencia transcriptor | UPN |
| Normas de descripción | aacr2 |
| 049 ## - COLECCIÓN | |
| Colección | ART-E |
| 100 1# - ASIENTO PRINCIPAL--NOMBRE PERSONAL | |
| Nombre de persona | Anasagasti Aguirre, Jon |
| Enlace | - jon.anasagasti@ehu.eus |
| 100 1# - ASIENTO PRINCIPAL--NOMBRE PERSONAL | |
| Nombre de persona | Berciano Alcaraz, Ainhoa |
| 245 13 - MENCIÓN DE TÍTULO | |
| Título | El aprendizaje de la estadística a través de PBL con futuros profesores de Primaria |
| 506 0# - NOTA DE RESTRICCIONES AL ACCESO | |
| Limitaciones de acceso | Acceso abierto |
| 520 3# - NOTA DE RESUMEN, ETC. | |
| Sumario, etc. | Los contenidos estadísticos son un bloque fundamental de los currículos educativos que resultan indispensables en la toma de decisiones y, por tanto, ayudan en gran medida a desarrollar las competencias básicas y generales. A este respecto, investigaciones previas muestran que trabajar con proyectos o aprendizaje basado en problemas (PBL) usando métodos estadísticos y de probabilidad es un planteamiento didáctico satisfactorio, desarrollando tanto los conocimientos técnicos como los estratégicos. En este artículo se presenta el diseño de un módulo basado en PBL para trabajar esta disciplina con el alumnado del Grado de Educación Primaria justificando los instrumentos utilizados y valorando las aportaciones de cada uno. |
| 650 #4 - ASIENTO SECUNDARIO DE MATERIA - TERMINO TEMATICO | |
| Término de materia o nombre geográfico como elemento de entrada | Estadística |
| 9 (RLIN) | 2988 |
| 650 #4 - ASIENTO SECUNDARIO DE MATERIA - TERMINO TEMATICO | |
| Término de materia o nombre geográfico como elemento de entrada | Educación primaria |
| 9 (RLIN) | 1552 |
| 650 #2 - ASIENTO SECUNDARIO DE MATERIA - TERMINO TEMATICO | |
| Término de materia o nombre geográfico como elemento de entrada | Aprendizaje basado en problemas |
| 9 (RLIN) | 6423 |
| 653 0# - TERMINO DE INDIZACION - NO CONTROLADO | |
| Término no controlado | Docentes |
| 773 ## - ENLACE AL DOCUMENTO FUENTE/ENTRADA DE REGISTRO ANFITRIÓN | |
| Parte(s) relacionada(s) | No. extraordinario (2016), p. 31-43 |
| Título | Contextos educativos : revista de educación |
| Número Internacional Normalizado para Publicaciones Seriadas | 1695-5714 |
| 856 4# - LOCALIZACIÓN Y ACCESO ELECTRÓNICOS | |
| Identificador Uniforme del Recurso | <a href="https://publicaciones.unirioja.es/ojs/index.php/contextos/article/view/2699">https://publicaciones.unirioja.es/ojs/index.php/contextos/article/view/2699</a> |
| 856 4# - LOCALIZACIÓN Y ACCESO ELECTRÓNICOS | |
| Identificador Uniforme del Recurso | <a href="https://doi.org/10.18172/con.2699">https://doi.org/10.18172/con.2699</a> |
| 902 ## - ELEMENTOS DE DATOS B LOCAL, LDB (RLIN) | |
| Creó | Gloria Jiménez/230125 |
| 905 ## - TIPO DE MATERIAL | |
| Tipo de material | Articulo |
| 942 ## - ELEMENTOS DE PUNTO DE ACCESO ADICIONAL (KOHA) | |
| Tipo de ítem Koha | Artículo Electrónico |
| Estado de retiro | Estado de pérdida | Estado dañado | No para préstamo | Código de colección | Localización permanente | Ubicación/localización actual | Ubicación en estantería | Fecha de adquisición | Total de préstamos | Fecha visto por última vez | Identificador Uniforme del Recurso | Precio válido a partir de | Tipo de ítem Koha |
|---|---|---|---|---|---|---|---|---|---|---|---|---|---|
| Acceso abierto | Bib. Gregorio Torres Quintero | Bib. Gregorio Torres Quintero | En línea | 23/01/2025 | 23/01/2025 | https://doi.org/10.18172/con.2699 | 23/01/2025 | Artículo Electrónico |
